| 000 | 00463nam a22001457a 4500 | ||
|---|---|---|---|
| 020 | _a9781119211426 | ||
| 082 |
_a618 _bEDM |
||
| 100 |
_aEdmonds, D. Keith; Dewhurst, John, 1920-2006 _9114167 |
||
| 245 |
_aDewhurst's Textbook of Obstetrics & Gynaecology / _cD. Keith Edmonds; Lees, Christoph; Bourne, Tom |
||
| 250 | _a9th Edition. | ||
| 260 |
_aHoboken : _bJohn Wiley & Sons, _c2018. |
||
| 300 |
_a1065 p. ; _bill, _c28 cm. |
||
| 563 | _aPBK. | ||
| 942 |
_2ddc _cBK |
||
| 999 |
_c595571 _d595571 |
||